[Event "Sofia Accedia op"]
[Site "Sofia"]
[Date "2023.03.25"]
[Round "4"]
[White "Vasilev, Stephan"]
[Black "Tomislavov, Stefan"]
[Result "1-0"]
[WhiteElo "2007"]
[BlackElo "1436"]
[PlyCount "32"]
[EventDate "2023.03.25"]
[EventType "swiss"]
[EventRounds "9"]
[EventCountry "BUL"]
[SourceTitle "CBM 213 Extra"]
[Source "ChessBase"]
[SourceDate "2023.05.31"]
[SourceVersion "1"]
[SourceVersionDate "2023.05.31"]
[SourceQuality "1"]

1. d4 d5 2. Nc3 Nf6 3. e4 dxe4 4. f3 exf3 5. Nxf3 g6 6. Bc4 Bg7 7. 0-0 0-0 8. Bg5 Bg4 9. Qd2 c5 10. d5 Nbd7 11. Rae1 Re8 12. Ne5 Nxe5 13. Rxe5 a6 14. a4 Qd6 15. Bf4 Nh5 16. Rxh5 Qd8 1-0

[Event "BUL-ch U20"]
[Site "Sofia"]
[Date "2023.02.04"]
[Round "5"]
[White "Trendafilov, Simeon"]
[Black "Tomislavov, Stefan"]
[Result "1-0"]
[WhiteElo "1935"]
[BlackElo "1436"]
[PlyCount "81"]
[EventDate "2023.02.01"]
[EventType "swiss"]
[EventRounds "7"]
[EventCountry "BUL"]
[SourceTitle "CBM 212 Extra"]
[Source "ChessBase"]
[SourceDate "2023.03.31"]
[SourceVersion "1"]
[SourceVersionDate "2023.03.31"]
[SourceQuality "1"]

1. d4 Nf6 2. c4 b6 3. Nc3 Bb7 4. a3 e6 5. d5 exd5 6. cxd5 Be7 7. e4 d6 8. Nge2 0-0 9. Ng3 c6 10. Be2 cxd5 11. exd5 Nbd7 12. 0-0 Ne5 13. Be3 Qd7 14. h3 a6 15. Bxb6 Rfc8 16. Qd4 Bd8 17. Bxd8 Qxd8 18. Nf5 Qd7 19. Ne3 Re8 20. Rfe1 Rac8 21. Rac1 Qe7 22. b4 h5 23. Kf1 Ra8 24. f4 Ng6 25. Nc4 Qd8 26. Na5 Bc8 27. Bd3 Ne7 28. Nc6 Qd7 29. Nxe7+ Rxe7 30. Rxe7 Qxe7 31. Re1 Qc7 32. Ne4 Nxe4 33. Qxe4 g6 34. Qe8+ Kg7 35. Qc6 Qxc6 36. dxc6 Be6 37. Rc1 Kf6 38. a4 Ke7 39. b5 axb5 40. axb5 Kd8 41. b6 1-0

[Event "BUL-ch U20"]
[Site "Sofia"]
[Date "2023.02.03"]
[Round "4"]
[White "Georgiev, Vasil G"]
[Black "Tomislavov, Stefan"]
[Result "0-1"]
[WhiteElo "1510"]
[BlackElo "1436"]
[PlyCount "68"]
[EventDate "2023.02.01"]
[EventType "swiss"]
[EventRounds "7"]
[EventCountry "BUL"]
[SourceTitle "CBM 212 Extra"]
[Source "ChessBase"]
[SourceDate "2023.03.31"]
[SourceVersion "1"]
[SourceVersionDate "2023.03.31"]
[SourceQuality "1"]

1. e4 c5 2. Nf3 a6 3. d4 cxd4 4. Nxd4 Nf6 5. Nc3 e5 6. Nf3 Bb4 7. Bd2 0-0 8. Bd3 d6 9. 0-0 Bg4 10. h3 Bh5 11. a3 Bc5 12. b4 Bb6 13. Nd5 Nxd5 14. exd5 f5 15. Bg5 Qc8 16. Be2 f4 17. Bh4 Re8 18. Nd2 Bxe2 19. Qxe2 Qxc2 20. Qh5 g6 21. Qh6 Qf5 22. g4 fxg3 23. Bxg3 Nd7 24. Kh2 Rac8 25. Rg1 Bxf2 26. Rgf1 Bxg3+ 27. Kxg3 Qd3+ 28. Rf3 Qxd5 29. Raf1 Rf8 30. Qe3 Rxf3+ 31. Rxf3 Rf8 32. Qh6 Rxf3+ 33. Nxf3 Qd3 34. Kg4 Nf6+ 0-1

[Event "BUL-ch U20"]
[Site "Sofia"]
[Date "2023.02.02"]
[Round "2"]
[White "Dimitrov, Martin"]
[Black "Tomislavov, Stefan"]
[Result "1-0"]
[WhiteElo "1778"]
[BlackElo "1436"]
[PlyCount "81"]
[EventDate "2023.02.01"]
[EventType "swiss"]
[EventRounds "7"]
[EventCountry "BUL"]
[SourceTitle "CBM 212 Extra"]
[Source "ChessBase"]
[SourceDate "2023.03.31"]
[SourceVersion "1"]
[SourceVersionDate "2023.03.31"]
[SourceQuality "1"]

1. e4 c6 2. d4 d5 3. e5 c5 4. dxc5 e6 5. Be3 Nc6 6. Bb5 Nge7 7. c3 Ng6 8. Nf3 Be7 9. 0-0 0-0 10. Bxc6 bxc6 11. Qc2 f6 12. exf6 Bxf6 13. Nbd2 e5 14. Rfd1 Be7 15. b4 Bf5 16. Qb2 Qc7 17. a4 a5 18. Nb3 axb4 19. cxb4 Bg4 20. Rdc1 Bxf3 21. gxf3 Rxf3 22. b5 d4 23. Qe2 Raf8 24. Bd2 Qd7 25. bxc6 Qxc6 26. Na5 Qe6 27. c6 Qh3 28. c7 Nh4 29. Qf1 Qg4+ 30. Kh1 Rxf2 31. Qxf2 Qe4+ 32. Kg1 Rxf2 33. c8Q+ Kf7 34. Qc4+ Kf8 35. Qc8+ Kf7 36. Qc6 Rg2+ 37. Kh1 Qg4 38. Rf1+ Bf6 39. Ra3 Rxd2 40. Rg3 Qe6 41. Rxg7+ 1-0